Envenenamientos con plaguicidas. Manual de entrenamiento para personal de salud

Guardado en:
Bibliografiske detaljer
Hovedforfatter: Davies, John E
Format: Texto
Udgivet: Heredia: UNA. Escuela de Ciencias Ambientales
Fag:
Tags: Tilføj Tag
Ingen Tags, Vær først til at tagge denne postø!

MARC

LEADER 00000 a a2200000 04500
001 13909
003
040 |a CRAI/IIS  |c CRAI/IIS 
090 |a 025000  
100 |a Davies, John E  
245 |a Envenenamientos con plaguicidas. Manual de entrenamiento para personal de salud  
260 |a Heredia:   |b UNA. Escuela de Ciencias Ambientales  
300 |a 79 p.  
500 |a traducción y adaptación de: "Pesticide Protection. A Training Manual for Health Personnel"  
650 |a SUSTANCIAS TOXICAS  
650 |a PLAGUICIDAS  
650 |a INSECTICIDAS  
650 |a HERBICIDAS  
650 |a FUNGICIDAS  
650 |a LUCHA CONTRA LAS MALEZAS  
650 |a INTOXICACION  
650 |a MEDICINA PREVENTIVA  
650 |a PROFILAXIS  
650 |a DIAGNOSTICO MEDICO  
999 |c 2081  |d 2081